000 00528cam a2200157 4500500
005 20260405003958.0
041 _afre
042 _adc
100 1 0 _aArdeois, Iris
_eauthor
245 0 0 _aQu’est-ce qu’une cruche ? La réponse un peu fêlée de Heidegger
260 _c2025.
500 _a45
690 _aHeidegger
786 0 _nPhilosophie magazine | 195 | 13 | 2025-12-01 | p. 119-119 | 1951-1787
856 4 1 _uhttps://shs.cairn.info/magazine-philosophie-magazine-2025-13-page-119?lang=fr&redirect-ssocas=7080
999 _c2072613
_d2072613